| 000 | nam a22 7a 4500 | ||
|---|---|---|---|
| 999 |
_c18855 _d18855 |
||
| 008 | 170114b xxu||||| |||| 00| 0 eng d | ||
| 020 | _a9781269267830 | ||
| 050 | _aHA 29 .K87 2014 | ||
| 100 |
_aKursh, Steve R. _d2014. |
||
| 245 |
_aPearson custom: _bBusiness resources/ _cSteven R. Kursh, Theresa K. Lant, karl D. Majeske, James M. Olver, Robert Plant |
||
| 260 |
_aU.S.A: _bPearson, _c2014 |
||
| 300 |
_aii,868p.: _bill.; _c27cm. |
||
| 521 | _aIncludes appendix and index. | ||
| 700 | _aLant, Theresa K. | ||
| 700 | _aMajeske, Karl D. | ||
| 700 | _aOliver, James M. | ||
| 700 | _aPlant Robert | ||
| 942 |
_2lcc _cBOOKS _hHA 29 .K87 2014 |
||